Statistiques concernant Intercommunalités du Haut-Rhin

Cliquez ici pour prendre le quiz!

Statistiques générales

  • Ce quiz a été pris 12 fois
  • Le résultat moyen est 7 sur 16

Statistiques - réponses

Nombres de CommunesIntercommunalités% Correct
20Colmar Agglomération
100%
39Mulhouse Alsace Agglomération
100%
64Communauté de communes Sundgau
73%
40Saint-Louis Agglomération
73%
16Communauté de communes de Thann-Cernay
64%
16Communauté de communes de la Vallée de Munster
55%
19Communauté de communes de la Région de Guebwiller
45%
11Communauté de communes Pays de Rouffach, Vignobles et Châteaux
45%
16Communauté de communes du Pays de Ribeauvillé
36%
29Communauté de communes Pays Rhin-Brisach
27%
09Communauté de communes du Centre Haut-Rhin
18%
04Communauté de communes du Val d'Argent
18%
44Communauté de communes Sud Alsace Largue
18%
15Communauté de communes de la Vallée de la Doller et du Soultzbach
9%
08Communauté de communes de la Vallée de Kaysersberg
0%
15Communauté de communes de la Vallée de Saint-Amarin
0%

Distribution des résultats

Percentile par nombre de réponses

% des personnes avec chaque résultat

Votre développement - résultats

Vous n’avez pas pris ce quiz